| 000 | 00445nam a22001577a 4500 | ||
|---|---|---|---|
| 003 | OSt | ||
| 005 | 20260401115948.0 | ||
| 008 | 260401b |||||||| |||| 00| 0 eng d | ||
| 020 | _a9789914735055 | ||
| 040 | _cMENTOR PUBLISHING COMPANY LIMITED | ||
| 050 | _aPL 8701 .L83 2025 | ||
| 245 |
_aMTAALA WA KIUMILISI _bKIELEKEZI CHA KISWAHILI _cLUBANGA, C |
||
| 250 | _a1ST ED | ||
| 260 |
_aKENYA _bMENTOR PUBLISHING CO. LTD _c2025 |
||
| 942 |
_2ddc _cBK _n0 |
||
| 999 |
_c10025 _d10025 |
||